00620nam a2200181 a 450000100060000000300090000600800410001504000280005608200180008411000180010224501050012026000380022530000090026349000470027265000480031965000390036765000320040612769CO-ViMGA141112s2004 ck r 000 u spa d aCO-ViMGAbspacCO-ViMGA04a352.086 C65o4 aBanco Mundial10aColombia : bReforming the decentralization law : bIncentives for an effective delivery of services aWashington : bWorld Bank, c1996 a35p. aBanco Mundial - Document of the World Bank14aDESCENTRALIZACION ADMINISTRATIVA - COLOMBIA14aeducación - COLOMBIA - PROGRAMAS14aSALUD - COLOMBIA - PROGRAMA